LEADER 00464nab a2200145 i 4500 001 000000310360 003 CaOOAMICUS 005 20180831173012.0 008 180831n xx uu u0 0und r 013 $a19452 040 $aSeMil$bita 100 1 $aBertani, Felice.$0(OLS)http://semarc/name/12100 245 10$aUltima critica d?Ausonio Franchi. 773 0 $t[Luglio-Dicembre].$g195-208$w()273980 996 $6245$aUltima critica d?Ausonio Franchi$9(OLS)http://semarc/title/385191 LEADER 00730nam a2200205 i 4500 001 000000055960 003 CaOOAMICUS 005 20071219000000.0 008 071219n it u000 u ita u 013 $a27132 040 $aSeMil$bita 245 10$a1. 490 0 $aLe Firme 650 4$aLetteratura - Storia - Sec. 20.$0(OLS)http://semarc/subject/1807 773 0 $aVigorelli, Giancarlo <1913-2005>$tDiario europeo.$dTorino : Società Editrice Internazionale, 1977.$w()18996 830 3$aLe Firme.$0(OLS)http://semarc/title/17836 850 $aSeMil 852 $aSeMil$W1$xVenegono$y1$m1Q V 61$j22114$B22114$CSeMilBibl$Z2$F22116 $81 961 $aOmaggio: Poma mons. Gianfranco 996 $6245$a1$9(OLS)http://semarc/title/6508